000 00747cam a22002531a 4500
008
020 _a0070088586 (hbk. )
049 _aMAIN
050 0 0 _aQA37.2 BUD
100 1 _aBudnick, Frank S.
245 1 0 _aApplied mathematics for business, economics, and the social sciences /
_cFrank S. Budnick.
250 _a2nd ed.
260 _aNew York :
_bMcGraw-Hill,
_c1983.
300 _axviii, 769, [66] p. :
_bill. ;
_c25 cm.
500 _aIncludes index.
650 0 _aBusiness mathematics.
650 0 _aSocial sciences
_xMathematics.
653 _aApplied mathematics.
907 _a.b10229371
_b19-11-07
_c07-02-07
003
005 20230123134349.0
040 _cNUST
942 _cBOOKS
999 _c164609
_d164609